Obnova priemerného panelákového bytu vyjde na 360-tisíc korún
Obnovy a opravy panelákových bytov. Investície potrebné na obnovu priemerného panelákového bytu. Vedecko-technický projekt Obnova budov pozemných stavieb s dôrazom na bytový fond.
Salvato in:
| Autore principale: | |
|---|---|
| Natura: | Capitolo di libro |
| Lingua: | slovacco |
| Soggetti: | |
| Tags: |
Nessun Tag, puoi essere il primo ad aggiungerne!!
|
MARC
| LEADER | 00000naa a2200000 4500 | ||
|---|---|---|---|
| 001 | r027375 | ||
| 005 | 20230921081114.6 | ||
| 041 | 0 | |a slo | |
| 044 | |a SK | ||
| 245 | 1 | 0 | |a Obnova priemerného panelákového bytu vyjde na 360-tisíc korún |c D. Zverková |
| 520 | |a Obnovy a opravy panelákových bytov. Investície potrebné na obnovu priemerného panelákového bytu. Vedecko-technický projekt Obnova budov pozemných stavieb s dôrazom na bytový fond. | ||
| 610 | 2 | 0 | |a byty |
| 610 | 2 | 0 | |a rekonštrukcia |
| 610 | 2 | 0 | |a financovanie |
| 610 | 2 | 0 | |a práca stavebná |
| 610 | 2 | 0 | |a investície modernizačné |
| 610 | 2 | 0 | |a fond bytový |
| 100 | 1 | |a Zverková, Daniela | |